00234nam a2200097Ia 4500008004100000100002000041245001200061260003800073300000700111650001800118191201s2009 xx 000 0 und d aAARY, Dayachand 0aAahvaan aN. delhibParbhat Prakashanc2009 a76 aGeneral Books